000 00982nam a2200241 a 4500
999 _c11435
_d11435
001 11435
003 BD-JhCC
005 20220215134022.0
008 190916s20142019bg |||| ||a| 000 0 ben d
035 _a(BD-JhCC)11435
040 _aBD-JhCC
_dBD-JhCC
041 _aben
082 _a320.473
_bHOQ 2019
100 _aহক, মো: আনোয়ারুল
245 _aপৌরনীতি ও সুশাসন দ্বিতীয় পত্র একাদশ-দ্বাদশ শ্রেণী /
_cমো: আনোয়ারুল হক, মো: কামরুজ্জামান, মো: রোকনুজ্জামান ।
260 _aঢাকা :
_bপুথিনিলয় প্রকাশনী,
_c২০১৯.
300 _a536 p. :
_c23 cm.
650 _aCivics
700 _aকামরুজ্জামান, মো:
700 _aরোকনুজ্জামান, মো:
942 _2ddc
_cBK
_03